Cities with the most Parkruns - Statistics

General Stats
  • This quiz has been taken 17 times
  • The average score is 16 of 20
Answer Stats
Country No. of Parkruns City % Correct
United Kingdom 73 London
100%
United Kingdom 24 Manchester
100%
United Kingdom 16 Birmingham
92%
Ireland 25 Dublin
92%
United Kingdom 10 Edinburgh
92%
Australia 38 Perth
92%
Australia 36 Sydney
92%
South Africa 13 Cape Town
83%
United Kingdom 15 Glasgow
83%
Australia 65 Melbourne
83%
Japan 18 Tokyo
83%
Australia 30 Adelaide
75%
Australia 45 Brisbane
75%
United Kingdom 12 Newcastle
75%
New Zealand 12 Auckland
67%
United Kingdom 11 Belfast
67%
South Africa 59 Johannesburg
67%
Poland 10 Warsaw
67%
Australia 13 Canberra
58%
South Africa 10 Durban
50%
No matching quizzes found
Score Distribution
Percent of People with Each Score
Percentile by Number Answered
Your Score History
You have not taken this quiz